|
|
|
|
| LEADER |
02747nam a2200673 i 4500 |
| 001 |
nkc20203217266 |
| 003 |
CZ PrNK |
| 005 |
20200729103759.0 |
| 007 |
ta |
| 008 |
200507s2020 xr ach f 001 0dcze |
| 015 |
|
|
|a cnb003217266
|
| 020 |
|
|
|a 978-80-7308-962-7
|q (vázáno)
|
| 035 |
|
|
|a (OCoLC)1200248849
|
| 040 |
|
|
|a ABA001
|b cze
|e rda
|
| 041 |
0 |
|
|a cze
|b eng
|
| 043 |
|
|
|a e-xr---
|b e-xr-pg
|2 czenas
|
| 045 |
|
|
|a x2y2
|
| 072 |
|
7 |
|a 7.01/.09
|x Umění
|2 Konspekt
|9 21
|
| 080 |
|
|
|a 7.072.2
|2 MRF
|
| 080 |
|
|
|a 7.072.2:930
|2 MRF
|
| 080 |
|
|
|a 001.89:061
|2 MRF
|
| 080 |
|
|
|a (437.3)
|2 MRF
|
| 080 |
|
|
|a (437.311)
|2 MRF
|
| 080 |
|
|
|a (048.8:082)
|2 MRF
|
| 080 |
|
|
|a (082.2)
|2 MRF
|
| 245 |
0 |
0 |
|a Století Ústavu pro dějiny umění na Filozofické fakultě Univerzity Karlovy /
|c Richard Biegel, Roman Prahl, Jakub Bachtík (eds.)
|
| 250 |
|
|
|a Vydání první
|
| 264 |
|
1 |
|a Praha :
|b Filozofická fakulta, Univerzita Karlova,
|c 2020
|
| 300 |
|
|
|a 942 stran :
|b ilustrace (některé barevné), portréty, faksimile ;
|c 25 cm
|
| 336 |
|
|
|a text
|b txt
|2 rdacontent
|
| 337 |
|
|
|a bez média
|b n
|2 rdamedia
|
| 338 |
|
|
|a svazek
|b nc
|2 rdacarrier
|
| 490 |
1 |
|
|a Opera Facultatis philosophicae Universitatis Carolinae Pragensis ;
|v vol. XIX
|
| 504 |
|
|
|a Obsahuje bibliografii, bibliografické odkazy a rejstřík
|
| 546 |
|
|
|a Anglické resumé
|
| 610 |
2 |
7 |
|a Univerzita Karlova.
|b Ústav pro dějiny umění
|7 mzk2005280425
|2 czenas
|
| 648 |
|
4 |
|a 1922-2022
|
| 648 |
|
7 |
|a 20.-21. století
|7 ch462155
|2 czenas
|
| 650 |
0 |
7 |
|a historici umění
|7 ph120710
|z Česko
|y 20.-21. století
|2 czenas
|
| 650 |
0 |
7 |
|a historiografie umění
|7 ph135272
|z Česko
|y 20.-21. století
|2 czenas
|
| 650 |
0 |
7 |
|a vědecké ústavy
|7 ph127379
|z Česko
|y 20.-21. století
|2 czenas
|
| 650 |
0 |
9 |
|a art historians
|z Czechia
|y 20th-21st centuries
|2 eczenas
|
| 650 |
0 |
9 |
|a art historiography
|z Czechia
|y 20th-21st centuries
|2 eczenas
|
| 650 |
0 |
9 |
|a research institutions
|z Czechia
|y 20th-21st centuries
|2 eczenas
|
| 651 |
|
7 |
|a Praha (Česko)
|7 ge118011
|2 czenas
|
| 651 |
|
9 |
|a Prague (Czechia)
|2 eczenas
|
| 655 |
|
7 |
|a kolektivní monografie
|7 fd501537
|2 czenas
|
| 655 |
|
7 |
|a jubilejní publikace
|7 fd131839
|2 czenas
|
| 655 |
|
9 |
|a collective monographs
|2 eczenas
|
| 655 |
|
9 |
|a jubilee books
|2 eczenas
|
| 700 |
1 |
|
|a Biegel, Richard,
|d 1975-
|7 ola2004209185
|4 edt
|
| 700 |
1 |
|
|a Prahl, Roman,
|d 1949-
|7 jn20000810004
|4 edt
|
| 700 |
1 |
|
|a Bachtík, Jakub,
|d 1985-
|7 pna2015873303
|4 edt
|
| 830 |
|
0 |
|a Opera Facultatis philosophicae Universitatis Carolinae Pragensis
|0 s
|
| 910 |
2 |
|
|a BOA001
|b 2-1450.964
|
| 928 |
9 |
|
|a Univerzita Karlova, Filozofická fakulta
|
| 990 |
|
|
|a BK
|
| 995 |
|
|
|a 01
|
| 996 |
6 |
|
|b 2610833595
|c 2-1450.964
|l MZK
|r Sklad / do 1 hodiny
|n 1
|p p.v.
|w 001816609
|u 000010
|a 1
|e BOA001
|j MZK50
|s P
|